00955 a2200181 4500003000500000005001700005040000900022082001200031100002600043245004100069260003900110300000800149505042100157650003200578942002100610999001900631952012300650Nust20230201145522.0 cNust a934,NAT aM. S. Nateson9108423 aPre Mussalman India / cM.S. Nateson aLondonbSri Vani Vilas Pressc1917 a138 aIntroduction (Page-Xvii), The Age Of The Ithasas (Page-1), The Dravidians (Page-18), The Post Vedic Ages (Page-20), Mahavira (Page-25), Foreign Invasions (Page-32), Alexander The Great (Page-34), The Later Guptas (Page-68), The Harsha Empire (Page-72), Hiuen Tsag (Page-75), Sultan Muhammad Ghor Ali (Page-11), The Sultan Dehli (Page-115), Conclusion (Page-116), The Series Of India History (Page-126). aPre Mussalman india9108424 2ddccBKk934,NAT c186951d186951 00102ddc4070aMCSbMCScGENd2016-12-12o934,NATpMCS29440r2016-12-08w2016-12-12yBKzAlmirah No. 59, Shelf No. 6